La llanura pampeana : cuentos regionales argentinos /
Estos cuentos de autoras y autores que ya son clásicos de la literatura argentina comparten algo más que un territorio con epicentro en la región pampeana: los atraviesa un estilo, una voz que resuena en las calles polvorientas de los diferentes pueblos repartidos a lo largo de una llanura intermina...
Guardado en:
| Autor Principal: | |
|---|---|
| Otros Autores: | , , , , , , , , , , , , , , , , , , , , , , , |
| Formato: | Libro |
| Idioma: | Undetermined |
| Publicado: |
Buenos Aires :
Colihue,
2023.
|
| Edición: | 1a ed. |
| Series: | Identidades bonaerenses
Leer y crear |
| Materias: | |
| Etiquetas: |
Agregar Etiqueta
Sin Etiquetas, Sea el primero en etiquetar este registro!
|
| LEADER | 03955nam a22006015a 4500 | ||
|---|---|---|---|
| 001 | CEM.cems024780 | ||
| 008 | 250707s2023####ag############000#0#und#d | ||
| 005 | 20250822075914.0 | ||
| 245 | 1 | 0 | |a La llanura pampeana : |b cuentos regionales argentinos / |c Compilación de Rosa María Cardamone, María Raquel Di Liscia y Omar Lobos. |
| 250 | |a 1a ed. | ||
| 260 | |a Buenos Aires : |b Colihue, |c 2023. | ||
| 300 | |a 232 p. | ||
| 490 | 1 | |a Identidades bonaerenses | |
| 490 | 1 | |a Leer y crear | |
| 500 | |a Edición especial de la Dirección de Cultura y Educación de la Provincia de Buenos Aires. | ||
| 500 | |a Sugerencia de edad: a partir de ciclo orientado. Requiere acompañamiento docente. | ||
| 500 | |a Propuestas de trabajo p. 203. | ||
| 500 | |a Diccionario de curiosidades pampeanas p. 225. | ||
| 505 | 0 | |a ¿Qué une a pampeanos y bonaerenses? -- ANTOLOGÍA -- La viuda negra / Jorge W. Ábalos -- NYC / Alberto Acosta -- Hacia el abismo / Elena Auguet -- Historia con esplendor y ocaso / Dora Delia Battistón -- Los tres apuntes de Tim / Oche Califa -- Los motivos del lobo / Bertha Carou de Peredo -- Errores del pasado / Margarita Castañares -- El marica / Abelardo Castillo -- Moira en Potrillo Oscuro / Héctor Walter Cazenave -- Las doce a Bragado / Haroldo Conti -- Baldío / Miguel de la Cruz -- Testigo para el fiscal / Ariel Díaz -- Los gansos / Armando Raúl Inchaurraga -- No te olvides de Serafín / Ana María Lasalle -- Tortilla / Margarita Monges -- Yo siempre era Jane / Susana Muzio -- En el tren del martes vuelvo / Hugo Ordóñez -- El barón polaco / Adolfo Pérez Zelaschi -- El busto / Manuel Peyrou -- Mudanzas / Osvaldo Soriano -- La señorita Gracia / Marta Spagnuolo -- Es tan largo el olvido / Gabriela Urrutibehety -- PÓSLOGO -- Cómo entrarle a la pampa -- Semblanza de la llanura pampeana -- La llanura antes de la Conquista del Desierto -- Tres naciones en pugna -- El ocaso mapuche -- La llanura después de la Conquista -- La llanura y el nuevo siglo -- Resumen cronológico -- Literatura de la llanura pampeana -- El cuento en la provincia de Buenos Aires -- La literatura en La Pampa -- Tópicos más frecuentes -- La lírica en La Pampa | |
| 520 | |a Estos cuentos de autoras y autores que ya son clásicos de la literatura argentina comparten algo más que un territorio con epicentro en la región pampeana: los atraviesa un estilo, una voz que resuena en las calles polvorientas de los diferentes pueblos repartidos a lo largo de una llanura interminable, un eco que viene de lejos y que entreteje las diferentes historias para formar una sola trama compleja y polifónica. | ||
| 020 | |a 9789876848619 | ||
| 100 | 1 | |a Cardamone, Rosa María; comp. | |
| 700 | 1 | |a Di Liscia, María Raquel; comp.. | |
| 700 | 1 | |a Lobos, Omar; comp. | |
| 700 | 1 | |a Ábalos, Jorge W. | |
| 700 | 1 | |a Acosta, Alberto. | |
| 700 | 1 | |a Auguet, Elena. | |
| 700 | 1 | |a Battistón, Dora Delia. | |
| 700 | 1 | |a Califa, Oche. | |
| 700 | 1 | |a Carou de Peredo, Bertha. | |
| 700 | 1 | |a Castañares, Margarita. | |
| 700 | 1 | |a Castillo, Abelardo. | |
| 700 | 1 | |a Cazenave, Héctor Walter. | |
| 700 | 1 | |a Conti, Haroldo. | |
| 700 | 1 | |a Cruz, Miguel de la. | |
| 700 | 1 | |a Díaz, Ariel. | |
| 700 | 1 | |a Inchaurraga, Armando Raúl. | |
| 700 | 1 | |a Lasalle, Ana María. | |
| 700 | 1 | |a Monges, Margarita. | |
| 700 | 1 | |a Muzio, Susana. | |
| 700 | 1 | |a Ordóñez, Hugo. | |
| 700 | 1 | |a Pérez Zelaschi, Adolfo. | |
| 700 | 1 | |a Peyrou, Manuel. | |
| 700 | 1 | |a Soriano, Osvaldo. | |
| 700 | 1 | |a Spagnuolo, Marta. | |
| 700 | 1 | |a Urrutibehety, Gabriela. | |
| 653 | |a Narrativa argentina | ||
| 653 | |a Literatura argentina | ||
| 653 | |a Identidades bonaerenses | ||
| 859 | |a CEMS |b BIB. CEMS - Agricultura |h A868.4 |i C178 |p A3916.25 |t Ej.1 | ||
| 859 | |a CEMS |b BIB. CEMS - 11 de abril |h A868.4 |i C178 |p 30111.25 |t Ej.1 | ||
| 859 | |a CEMS |b BIB. CEMS - 11 de abril |h A868.4 |i C178 |p 30109.25 |t Ej.1 | ||
| 859 | |a CEMS |b BIB. CEMS - 11 de abril |h A868.4 |i C178 |p 30110.25 |t Ej.2 | ||
